Parsons, Son and Basley (Record no. 107668)

MARC details
000 -LEADER
fixed length control field 00625cam a22001935a 4500
001 - CONTROL NUMBER
control field L141445
008 - FIXED-LENGTH DATA ELEMENTS--GENERAL INFORMATION
fixed length control field 071126s1975 xxka f 000 0ceng d
035 ## - SYSTEM CONTROL NUMBER
System control number (Sirsi) u141445
041 0# - LANGUAGE CODE
Language code of text/sound track or separate title eng
050 04 - LIBRARY OF CONGRESS CALL NUMBER
Classification number 920 $2 18
110 2# - MAIN ENTRY--CORPORATE NAME
Corporate name or jurisdiction name as entry element Parsons, Son and Basley
9 (RLIN) 5462
245 00 - TITLE STATEMENT
Title Parsons, Son and Basley
Remainder of title 1825-1975
260 ## - PUBLICATION, DISTRIBUTION, ETC.
Place of publication, distribution, etc. [Brighton]
Name of publisher, distributor, etc. s.n.
Date of publication, distribution, etc. [1975]
300 ## - PHYSICAL DESCRIPTION
Extent [20] p.
Other physical details ill.
Dimensions 21 cm.
520 ## - SUMMARY, ETC.
Summary, etc. A history of the firm of Parsons, Son and Basley. Presented by W. R. de Silva of Parsons, Son and Basley in January 1975.
651 #4 - SUBJECT ADDED ENTRY--GEOGRAPHIC NAME
Geographic name Brighton
690 ## - LOCAL SUBJECT ADDED ENTRY--TOPICAL TERM (OCLC, RLIN)
Topical term or geographic name as entry element ABOUT RICS-RICS MEMBERS-CHARTERED SURVEYORS
942 ## - ADDED ENTRY ELEMENTS (KOHA)
Suppress in OPAC 0
Holdings
Withdrawn status Lost status Source of classification or shelving scheme Damaged status Not for loan Home library Current library Shelving location Date acquired Total Checkouts Full call number Barcode Date last seen Copy number Price effective from Koha item type
    Dewey Decimal Classification     London London Reference copy 26/11/2007   920 PAR 30074476 06/08/2019 1 06/08/2019 Book